| 000 | 00336nam a22001337a 4500 | ||
|---|---|---|---|
| 008 | 181219b xxu||||| |||| 00| 0 eng d | ||
| 020 | _a039.000532 | ||
| 041 | _aeng | ||
| 080 | _a721 | ||
| 100 | _a45 | ||
| 101 | _aark | ||
| 245 |
_aMounmental Classic Architecture In Great Britain And Ireland _cAlbert.E.R |
||
| 942 |
_2udc _cBK |
||
| 999 |
_c53505 _d53505 |
||